000 00650nam a22002297a 4500
003 UA-OsUOA
001 42609
007 ta
008 20090302b un ||||| |||| 00| 0 ukr d
100 _aПідручна Анна
090 _a82-94
_bП36
942 _cBK
040 _aUA-OsUOA
_bukr
_cUA-OsUOA
_dUA-OsUOA
245 _aСпомини про матір
_b(У шістьдесятому році мого шлюбу, 1929-1988)
300 _a268 с.
955 _a4
041 _aukr
080 _a82-94
260 _aВегревіль
_c1987
650 7 _a82 Література. Літературознавство
_2UDC
999 _c441107
_d441107